Toutes les équipes qui ont joué en Premier League au XXIè siècle - Statistiques

Statistiques générales
  • Ce quiz a été pris 51 fois
  • Le résultat moyen est 33 sur 48
Statistiques - réponses
Surnom du Club Club % Correct
Gunners Arsenal
100%
Blues Chelsea
100%
Reds Liverpool
100%
Citizens Manchester City
100%
Red Devils Manchester United
100%
Villans Aston Villa
98%
Hammers West Ham
98%
Spurs Tottenham
96%
Magpies Newcastle
94%
Seagulls Brighton
92%
Wolves Wolverhampton
92%
Foxes Leicester
90%
Black Cats Sunderland
90%
Toffees Everton
88%
Saints Southampton
85%
Eagles Crystal Palace
83%
Bees Brentford
81%
Peacocks Leeds
81%
Blues Birmingham
75%
Cottagers Fulham
75%
Cherries Bournemouth
73%
Clarets Burnley
73%
Swans Swansea
73%
Rovers Blackburn
71%
Canaries Norwich City
67%
Vultures Cardiff
65%
Tigers Hull
63%
Tractor Boys Ipswich
63%
Reds Nottingham Forest
60%
Hatters Luton
56%
Pompey Portsmouth
56%
Blades Sheffield United
56%
Trotters Bolton
54%
Boro Middlesbrough
54%
Potters Stoke
54%
Sky Blues Coventry
48%
Owls Sheffield Wednesday
48%
Hornets Watford
48%
Throstles West Bromwich
48%
Hoops Queens Park Rangers
46%
Rams Derby County
44%
Royals Reading
44%
Terriers Huddersfield
42%
Addicks Charlton
40%
Dons Wimbledon
40%
Seasiders Blackpool
38%
Latics Wigan
35%
Bantams Bradford
29%
Aucun quiz correspondant
Distribution des résultats
% des personnes avec chaque résultat
Percentile par nombre de réponses
Votre historique - résultats
Vous n’avez pas pris ce quiz